000 00542 a2200193 4500
005 20240530112556.0
010 _aB-759261
020 _a9789354712517
_c295.00
035 _aB-759261
037 _bGift
082 _a000
100 _aDeary, Terry
_967097
245 _aHorrible Histories Cut-Throat Celts/
_bTerry Deary
260 _aNew York
_bScholastic Inc.
_c2023
270 _aNew York
_bNew York
300 _a140 p.
_c19 cm(Pb)
942 _adpl
_cCH
_2ddc
_h000
_mDEA
999 _c203393
_d203393